000 01156nam a2200313 c 4500
999 _c173887
_d173887
003 BLK
005 20200811111202.0
008 180411b bul|||||r ||||||| ||bul||
010 _aKNG00182331000
040 _aBLK
041 _aBUL
_cBUL
080 _aГеография на България
_b913(497.2)
_x(234.423.3)
_z913(497.2)(234.423.3)
100 1 _aСъбев, Димитър
_eпърви автор
_9376003
139 _aСъбев, Димитър
_bС 96
245 1 0 _aРупчоските пещери [в Западните Родопи]
_bГеогр.-турист. маршрут
_cДимитър Събев.
257 _aBGR
260 _aСофия
_bМедицина и физкултура
_c1967
300 _a60 с.
_bс ил. и к.
_c17 см
380 _a91
490 1 _aМалка туристическа библиотека
650 4 _aРодопи - туристически маршрути
_9287515
651 4 _aРодопи
_9251174
653 _aпещери
852 _aЦб І 9745
856 4 _qpdf
856 4 _qpdf
942 _cKNG
_n0
_s1
944 _aCR
_c23.09.2015
_kКети_Илиева
944 _aED
_c23.09.2015
_kКети_Илиева
999 _d173887